000 00777nam a22002657a 4500
003 UA-OsUOA
001 25839
007 ta
008 20040428b un ||||| |||| 00| 0 ukr d
100 _aСтаровойтова Л.И.
700 _aЗолоторева Т.Ф.
090 _a364.23
_bС71
942 _cBK
040 _aUA-OsUOA
_brus
_cUA-OsUOA
_dUA-OsUOA
245 _aЗанятость населения и ее регулирование
_bУчебное пособие для студентов высших учебных заведений
300 _a192 с.
955 _a0
041 _arus
080 _a364.23
020 _a5-7695-0833-7
260 _aМосква
_bАкадемия
_c2001
044 _aRU
650 7 _2UDC
999 _c312144
_d312144